000 03733nam a22003615i 4500
999 _c26891
_d26891
006 a|||||o|||| 00| 0
007 cr nn 008mamaa
008 210824s2022 gw | s |||| 0|eng d
020 _a9783658327293
_qOnline Resource
072 7 _aTNH
_2bicssc
072 7 _aTEC009020
_2bisacsh
072 7 _aTNH
_2thema
082 0 4 _a629.04
_223
100 1 _aPfaff, Manfred.
245 1 0 _aShip Operation Technology
_h[electronic resource] :
_bReference Book and Guidebook /
_cby Manfred Pfaff.
250 _a1st ed. 2022.
260 _aLondon
_bSpringer
_c2022
300 _aXI, 560 p. 434 illus., 327 illus. in color.
_bonline resource.
505 0 _aJob description of the marine engineer -- regulations -- hull, ropes, superstructures, anchor gear, corrosion protection and deck coverings -- propulsion systems -- ship operating systems/auxiliary systems -- on-board power supply and electrical circuit examples -- occupational safety and ship safety, fire protection -- environmental protection in maritime shipping.
520 _aThis technical book presents in a concise and concentrated form all the essential aspects of operating a ship. These include the basics of buoyancy and propulsion technology, ship safety, occupational safety and environmental protection on board as well as important auxiliary equipment. These aspects are explained in more detail using numerous examples. The book is intended for ship's engineers at university, on board and in shipping companies as well as for design engineers in the shipyard. This book is a translation of the original German 1st edition Schiffsbetriebstechnik by Manfred Pfaff, published by Springer Fachmedien Wiesbaden GmbH, part of Springer Nature in 2018. The translation was done with the help of artificial intelligence (machine translation by the service DeepL.com). A subsequent human revision was done primarily in terms of content, so that the book will read stylistically differently from a conventional translation. Springer Nature works continuously to further the development of tools for the production of books and on the related technologies to support the authors. The contents Job description of the marine engineer - Rules and regulations - Hull, ropes, superstructures, anchor gear, corrosion protection and deck coverings - Propulsion systems - Ship operating systems/auxiliary systems - On-board power supply and electrical circuit examples - Occupational safety and ship safety, fire protection - Environmental protection in maritime shipping The target groups - Students of marine engineering - Lecturers and assistants at universities and technical colleges in the field of marine engineering - Engineers and masters in shipyards, technical personnel on ships of the navy and Christian seafaring - Nautical officers, technical staff in shipping companies and people interested in technology in general The Author Dr. - Eng. Manfred Pfaff, naval engineering reserve officer in the German Navy, received his doctorate from the Faculty of Mechanical and Marine Engineering at the University of Rostock. He is currently employed as head of waste flow control at the Detmold district government.
650 0 _aTransportation engineering.
650 0 _aTraffic engineering.
650 1 4 _aTransportation Technology and Traffic Engineering.
710 2 _aSpringerLink (Online service)
773 0 _tSpringer Nature eBook
776 0 8 _iPrinted edition:
_z9783658327286
776 0 8 _iPrinted edition:
_z9783658327309
776 0 8 _iPrinted edition:
_z9783658327316
856 4 0 _uhttps://doi.org/10.1007/978-3-658-32729-3
942 _2ddc
_cEBK